000 00317nam a2200133Ia 4500
005 20251222143137.0
008 251222s9999||||xx |||||||||||||| ||spa||
020 _a84-205-3780-2
082 _a519.5/P45P
100 _aPérez López, César
245 0 _aEstadística:
264 _bPearson Educación
942 _cLIB
999 _c12160
_d12160